Investigación experimental en psicología y educación

Saved in:
Bibliografiske detaljer
Hovedforfatter: Rodrigues, Aroldo (Author)
Format: Bog
Sprog:spansk
Udgivet: Ciudad de México Trillas 1977
Fag:
Tags: Tilføj Tag
Ingen Tags, Vær først til at tagge denne postø!

MARC

LEADER 00000nam a2200000 a 4500
001 UCY7958
003 CL-VaPUC
008 950623e19770200MX |||||||||||||||||spa|d
082 0 4 |a 370.15  |b ROD  |2 21 
100 0 |a Rodrigues, Aroldo  |e author  |9 338938 
245 1 0 |a Investigación experimental en psicología y educación 
300 |a 211 p 
942 |c BK 
945 |d 19950623 00:00:00  |a mfernand 
260 |a Ciudad de México  |b Trillas  |c 1977 
650 0 |a Psicología educacional   |9 307830 
650 0 |a Investigación educacional   |9 261192 
650 7 |a EXPERIMENTOS EDUCACIONALES  |2 CL-VaPUC  |9 338939 
650 0 |a Estadística   |9 259535 
650 0 |a Análisis de varianza   |9 336938 
650 7 |a INVESTIGACION PSICOLOGICA  |2 CL-VaPUC  |9 309030 
583 |a last modification  |c 19950623 00:00:00  |k Rodrigo Vera 
999 |c 235251  |d 235249 
952 |0 0  |1 0  |4 0  |6 370_150000000000000_ROD_1977  |7 0  |8 A  |9 242532  |a BIBEDU  |b BIBEDU  |d 2019-11-18  |i 1523376  |o 370.15 ROD 1977  |p 1523376  |r 2019-11-18  |w 2019-11-18  |y BK  |k EDU 
952 |0 0  |1 0  |4 0  |6 370_150000000000000_ROD_1977  |7 0  |8 A  |9 242533  |a BIBEDU  |b BIBEDU  |d 2019-11-18  |i 3184005  |o 370.15 ROD 1977  |p 3184005  |r 2019-11-18  |w 2019-11-18  |y BK  |k LIT 
952 |0 0  |1 0  |4 0  |6 370_150000000000000_ROD_1977  |7 0  |8 A  |9 242534  |a BIBGIM  |b BIBGIM  |d 2019-11-18  |i 3363902  |o 370.15 ROD 1977  |p 3363902  |r 2025-01-15  |w 2019-11-18  |y BK  |k SSL